[Event "Sharjah op blitz"]
[Site "Sharjah"]
[Date "2014.07.09"]
[Round "5"]
[White "Soltan Manesh, Peyman"]
[Black "Tabada, Jobannie C"]
[Result "0-1"]
[WhiteElo "1827"]
[BlackElo "2152"]
[PlyCount "74"]
[EventDate "2014.07.09"]
[EventType "swiss (blitz)"]
[EventRounds "9"]
[EventCountry "UAE"]
[SourceTitle "EXT 2016"]
[Source "ChessBase"]
[SourceDate "2015.10.08"]
[SourceVersion "1"]
[SourceVersionDate "2015.10.08"]
[SourceQuality "1"]

1. Nf3 Nf6 2. c4 g6 3. Nc3 Bg7 4. d4 0-0 5. e4 d6 6. Be2 e5 7. 0-0 Nc6 8. d5 Ne7 9. Ne1 Nd7 10. Be3 f5 11. f3 Nf6 12. b4 h5 13. Nd3 f4 14. Bf2 g5 15. c5 Ne8 16. b5 b6 17. cxd6 cxd6 18. a4 Ng6 19. Nb4 Qf6 20. a5 Rb8 21. Nc6 Rb7 22. axb6 axb6 23. Ra7 Rff7 24. Rxb7 Rxb7 25. Qa4 Rf7 26. Bxb6 g4 27. Bd8 Ne7 28. Nxe7+ Rxe7 29. Bxe7 Qxe7 30. b6 g3 31. Rb1 Bd7 32. Bb5 Qh4 33. h3 Bxh3 34. Bd7 Bxg2 35. Be6+ Kh7 36. Bf5+ Kh6 37. Kxg2 Qh2+ 0-1